| 000 | 00821cam a2200229 a 4500 | ||
|---|---|---|---|
| 001 | 000004908 | ||
| 005 | 20200929151530.0 | ||
| 008 | 980406s1997 mx a b f010 0 spa d | ||
| 020 | _a9701803760 | ||
| 040 |
_aDO-SdBNP _bspa _cBNPHU |
||
| 082 |
_aM864.9921 _bS358e |
||
| 100 | 1 |
_aSchneider, Luis Mario _914193 |
|
| 245 | 1 | 3 |
_aEl estridentismo o una literatura de la estrategia / _cLuis Mario Schneider. |
| 260 |
_aMéxico, D. F. : _bConsejo Nacional para la Cultura y las Artes, _c1997. |
||
| 300 |
_a583 p. : _bil. ; _c21 cm. |
||
| 490 | 1 |
_aLecturas mexicanas ; _vCuarta Serie |
|
| 504 | _aBibliografía: p.561-583 | ||
| 650 | 4 |
_aLiteratura mexicana _ySIGLO XX _xHistoria y crítica _914194 |
|
| 650 | 4 |
_aEstridentismo (movimiento literario) _914195 |
|
| 830 | 0 |
_aLecturas mexicanas ; _nCuarta Serie _914196 |
|
| 910 | _aWM | ||
| 999 |
_c4714 _d4714 |
||